Guide to Effective Grant Writing. How to Write an effective NIH Grant Application
Bewaard in:
| Hoofdauteur: | |
|---|---|
| Formaat: | Boek |
| Taal: | Engels |
| Gepubliceerd in: |
New York, USA:
Springer Science + Business Media,
2005
|
| Onderwerpen: | |
| Tags: |
Voeg label toe
Geen labels, Wees de eerste die dit record labelt!
|
MARC
| LEADER | 00000nam a22000007a 4500 | ||
|---|---|---|---|
| 003 | CL-VaPUC | ||
| 005 | 20220802082542.0 | ||
| 008 | 220606b2005 ||||| |||| 00| 0 eng d | ||
| 999 | |c 435803 |d 435801 | ||
| 020 | |a 0-306-48664-4 | ||
| 040 | |c Pontificia Universidad Católica de Valparaíso | ||
| 082 | 7 | |a 610.7973 YAN 2005 |2 22 | |
| 100 | 1 | |a Yang, Otto O |e author |9 870243 | |
| 245 | |a Guide to Effective Grant Writing. |b How to Write an effective NIH Grant Application | ||
| 260 | |a New York, USA: |b Springer Science + Business Media, |c 2005 | ||
| 300 | |a 93 páginas | ||
| 500 | |a c.1 Donación Biblioteca Curauma. 13/05/2022 | ||
| 583 | |c 20220606 |k Catalogador Asistente | ||
| 610 | |a Institutos Nacionales de Salud |z Estados Unidos |x Redacción de propuestas para subvenciones |x Guías y manuales |9 870706 | ||
| 650 | |a Becas |x Solicitud de subvención |x Redacción |z Estados Unidos |9 870707 | ||
| 650 | |a Investigadores |x Subvenciones |x Redacción de solicitudes |z Estados Unidos |9 870708 | ||
| 942 | |2 ddc |c BK | ||
| 952 | |0 0 |1 0 |2 ddc |4 0 |6 610_797300000000000_YAN_2005 |7 0 |8 A |9 583421 |a BIBCUR |b BIBCUR |c GEN |d 2022-06-06 |e Donación |i 5651551 |o 610.7973 YAN 2005 |p 5651551 |r 2025-04-22 |t 1 |w 2022-06-06 |y BK |k BIO | ||